Vida y muerte de Lenin
Enregistré dans:
| Auteur principal: | |
|---|---|
| Format: | Livre |
| Langue: | espagnol |
| Publié: |
Barcelona
Destino
1965
|
| Sujets: | |
| Tags: |
Ajouter un tag
Pas de tags, Soyez le premier à ajouter un tag!
|
MARC
| LEADER | 00000nam a2200000 a 4500 | ||
|---|---|---|---|
| 001 | UCS6222 | ||
| 003 | CL-VaPUC | ||
| 005 | 20230327165139.0 | ||
| 008 | 970917e19650000SP |||||||||||||||||spa|d | ||
| 999 | |c 262170 |d 262168 | ||
| 040 | |c Pontificia Universidad Católica de Valparaíso | ||
| 082 | 0 | 4 | |a 923.2 |b PAY |2 21 |
| 100 | |a Payne, Robert |e autor |9 391785 | ||
| 245 | 1 | 0 | |a Vida y muerte de Lenin |
| 260 | |a Barcelona |b Destino |c 1965 | ||
| 300 | |a 597 p | ||
| 583 | |a last modification |c 20160913 12:37:48 |k Rodrigo Vera | ||
| 600 | |a Lenin, Vladimir Ilich |d 1870-1924 |x Biografías |9 880968 | ||
| 650 | 0 | |a Políticos |9 256302 | |
| 650 | 7 | |a FILOSOFIA POLITICA |2 CL-VaPUC |9 391786 | |
| 942 | |c BK |2 ddc | ||
| 945 | |d 19970917 00:00:00 |a rleighto | ||
| 952 | |0 0 |1 0 |4 0 |6 923_200000000000000_PAY_1965 |7 0 |8 A |9 290390 |a BIBHIS |b BIBHIS |d 2019-11-19 |i 3351165 |o 923.2 PAY 1965 |p 3351165 |r 2025-01-20 |w 2019-11-19 |y BK |k HIS | ||